LIBRARY & INFORMATION CENTRE, KCAET, TAVANUR

ONLINE PUBLIC ACCESS CATALOGUE (OPAC)

Thacholi Udayanan / (Record no. 7220)

MARC details
000 -LEADER
fixed length control field 00212cam a2200097ua 4500
082 ## - DEWEY DECIMAL CLASSIFICATION NUMBER
Classification number 894.812 308
Item number ACH/TH
100 ## - MAIN ENTRY--AUTHOR NAME
Personal name Achuthan Pillai, .
245 ## - TITLE STATEMENT
Title Thacholi Udayanan /
300 ## - PHYSICAL DESCRIPTION
Number of Pages 302 ; .
942 ## - ADDED ENTRY ELEMENTS (KOHA)
Koha item type Books
Holdings
Withdrawn status Lost status Damaged status Home library Current library Date acquired Full call number Accession Number Koha item type
Withdrawn     KAUAET KAUAET 07/04/2012 894.812 308 10231 Books
free website counter